LEADER 01613nam a2200337 i 4500 001 000000342669 003 CaOOAMICUS 005 20201026090040.0 008 201026s2015 it m u001 u ita u 013 $a151555 020 $a978-88-308-1474-5 040 $aSeMil$bita 100 1 $aRanieri, Roberto,$d<1977- >.$0(OLS)http://semarc/name/112335 245 10$aCome se :$bErnst Fuchs e le ermeneutiche del possibile /$cautore : Roberto Ranieri ; [presentazione di Jörg Lauster ; postfazione di Sergio Ubbiali]. 260 $aAssisi :$bCittadella,$c2015. 300 $a355 p. ;$c24 cm 500 $aIn testa al front : Facoltà Teologica dell'Italia Settentrionale. - Dissertazione Dottorale in Teologia n. 71, Milano 504 $aContiene : Bibliografia 541 $aDono del Cardinale Angelo Scola, Arcivescovo di Milano 650 04$aFuchs, Ernst.$0(OLS)http://semarc/subject/9671 650 4$aTesi di laurea.$0(OLS)http://semarc/subject/1690 700 1 $aLauster, Jörg <1966- >.$0(OLS)http://semarc/name/60018 700 1 $aUbbiali, Sergio Battista,$c.$0(OLS)http://semarc/name/4688 850 $aSeMil 852 $aSeMil$W1$xVenegono$y1$m2B VI 342$j242600$B233584$CSeMilBibl$Z2$F233584 $81 941 1 $a6 961 $aDono del Cardinale Angelo Scola, Arcivescovo di Milano 996 $6020$a978-88-308-1474-5$9(OLS)http://semarc/number/291498 996 $6245$aCome se :$bErnst Fuchs e le ermeneutiche del possibile$9(OLS)http://semarc/title/431525 996 $6260$aAssisi :$bCittadella$9(OLS)http://semarc/publisher/29661 LEADER 01340nam a2200313 4500 001 000000345658 003 CaOOAMICUS 005 20210430112201.0 008 210430s2012 it a 000 u ita r 020 $a978-88-06-21151-6 040 $aSeMil$bita 100 1 $aRipa, Cesare,$d.$0(OLS)http://semarc/name/16498 240 10$aIconologia.$0(OLS)http://semarc/title/434809 245 10$aIconologia /$cCesare Ripa ; a cura di Sonia Maffei ; testo stabilito da Paolo Procaccioli. 264 1$aTorino :$bEinaudi,$c2012. 300 $aCXLV, 977 p. :$bill. ;$c23 cm 490 1 $aI millenni 500 $aIn custodia 534 $pRiproduzione facsimilare dell'edizione:$cin Roma : appresso L. Facij, 1603 650 4$aIconografia.$0(OLS)http://semarc/subject/1742 700 1 $aMaffei, Sonia,$d<1960- >.$0(OLS)http://semarc/name/113736 700 1 $aProcaccioli, Paolo.$0(OLS)http://semarc/name/113737 830 2$aI millenni.$0(OLS)http://semarc/title/7877 850 $aSeMil 852 $aSeMil$W1$xVenegono$y1$m1O V 248$j225883$B236720$CSeMilBibl$Z2$F236720 $81 996 $6020$a978-88-06-21151-6$9(OLS)http://semarc/number/293037 996 $6245$aIconologia$9(OLS)http://semarc/title/48471 996 $6264$aTorino :$bEinaudi$9(OLS)http://semarc/publisher/29884 LEADER 00665nam a2200169 i 4500 001 000000230786 003 CaOOAMICUS 005 20140618000000.0 008 140618s1896 xx u000 u fre u 013 $a209688 040 $aSeMil$bita 245 10$aTome 3. 300 $a646 p., [7] c. di tav. ripieg. :$bill. 773 0 $aVigouroux, Fulcran $tBible et les découvertes modernes en Palestine, en Egypte et en Assyrie.$b6e éd. rev. et augmentée.$dParis : Berche et Tralin, 1896.$g3$w()30085 850 $aSeMil 852 $aSeMil$W1$xVenegono$y1$m2W I 27 FA$j181132$B181132$CSeMilBibl$Z2$F191894 $8I 996 $6245$aTome 3$9(OLS)http://semarc/title/1575